[Event "SUI-ch HT1 118th"]
[Site "Lenzerheide"]
[Date "2018.07.20"]
[Round "9"]
[White "Lumsdon, Andrew"]
[Black "Giesinger, Elias"]
[Result "1/2-1/2"]
[WhiteElo "1970"]
[BlackElo "2128"]
[PlyCount "116"]
[EventDate "2018.07.12"]
[EventType "swiss"]
[EventRounds "9"]
[EventCountry "SUI"]
[SourceTitle "EXT 2019"]
[Source "ChessBase"]
[SourceDate "2018.10.10"]
[SourceVersion "1"]
[SourceVersionDate "2018.10.10"]
[SourceQuality "1"]

1. e4 c5 2. Na3 e6 3. c3 Nc6 4. Bb5 Nge7 5. Nf3 a6 6. Be2 d5 7. d3 b5 8. 0-0 Bb7 9. Bf4 Ng6 10. Bg3 h5 11. h3 h4 12. Bh2 Bd6 13. Nc2 d4 14. cxd4 cxd4 15. Qd2 Bxh2+ 16. Nxh2 e5 17. Bg4 Bc8 18. Bxc8 Rxc8 19. Rac1 0-0 20. g3 Qe7 21. a3 a5 22. Qe2 Qg5 23. Nf3 Qh6 24. Kh2 Rc7 25. Na1 Rfc8 26. Rc5 Na7 27. Rxc7 Rxc7 28. Qd2 Qxd2 29. Nxd2 Kf8 30. Ndb3 a4 31. Rc1 Rxc1 32. Nxc1 Ke7 33. Nc2 Kd6 34. Kg2 Nf8 35. Kf3 Ne6 36. Na2 Nc5 37. Nab4 hxg3 38. fxg3 Ke6 39. Kg4 Nc8 40. Ne1 Ne7 41. Nf3 f6 42. h4 Ng8 43. h5 Nh6+ 44. Kh4 Nb3 45. g4 Nc1 46. g5 Ng8 47. Kg4 Kf7 48. Nh4 Ne2 49. Nf5 Nf4 50. Nxd4 Nxd3 51. Nxb5 Nxb2 52. g6+ Ke6 53. Na6 Nh6+ 54. Kf3 f5 55. Nc5+ Kf6 56. Nd7+ Ke6 57. Nc5+ Kf6 58. Nd7+ Ke6 1/2-1/2

[Event "SUI-ch HT1 118th"]
[Site "Lenzerheide"]
[Date "2018.07.19"]
[Round "8"]
[White "Mueller, Leonhard"]
[Black "Lumsdon, Andrew"]
[Result "0-1"]
[WhiteElo "2199"]
[BlackElo "1970"]
[PlyCount "96"]
[EventDate "2018.07.12"]
[EventType "swiss"]
[EventRounds "9"]
[EventCountry "SUI"]
[SourceTitle "EXT 2019"]
[Source "ChessBase"]
[SourceDate "2018.10.10"]
[SourceVersion "1"]
[SourceVersionDate "2018.10.10"]
[SourceQuality "1"]

1. Nf3 Nf6 2. c4 c5 3. g3 Nc6 4. Bg2 g6 5. d4 d6 6. 0-0 cxd4 7. Nxd4 Bd7 8. Nc3 Bg7 9. Nxc6 Bxc6 10. e4 0-0 11. Be3 Qc8 12. Rc1 Qe6 13. Nd5 Rfc8 14. Re1 Qd7 15. Qd2 e5 16. Nxf6+ Bxf6 17. Red1 Be7 18. b3 b6 19. Qd3 f5 20. Bh3 Rf8 21. f3 Rad8 22. a4 Qb7 23. Bg2 Rf7 24. Re1 Rff8 25. Rcd1 Qc8 26. Bh6 Rf7 27. Bc1 g5 28. Qe2 f4 29. g4 Qe6 30. Ba3 h5 31. h3 hxg4 32. hxg4 Qh6 33. Rd3 Rf6 34. Red1 Kf7 35. R1d2 Rh8 36. Qf2 d5 37. Bxe7 Kxe7 38. exd5 Be8 39. Re2 Bg6 40. Rd1 Qh2+ 41. Kf1 e4 42. Qd4 Kf7 43. d6 Qg3 44. d7 exf3 45. Qd5+ Kg7 46. Bxf3 Rd8 47. Rg2 Qh3 48. Qxg5 Qxf3+ 0-1

[Event "GER CCM-E02-C email"]
[Site "GER email"]
[Date "2018.06.19"]
[Round "?"]
[White "Garus, Edward"]
[Black "Lumsdon, Andrew"]
[Result "1/2-1/2"]
[WhiteElo "2088"]
[BlackElo "2112"]
[PlyCount "111"]
[EventDate "2018.??.??"]
[EventType "tourn (corr)"]
[EventRounds "13"]
[EventCountry "GER"]
[SourceTitle "Corr 2020"]
[Source "ChessBase"]
[SourceDate "2019.09.30"]
[SourceVersion "1"]
[SourceVersionDate "2019.09.30"]
[SourceQuality "1"]

1. d4 Nf6 2. c4 e6 3. Nf3 b6 4. g3 Bb7 5. Bg2 Be7 6. 0-0 0-0 7. Nc3 d5 8. Ne5 Nbd7 9. Bf4 c5 10. dxc5 Nxc5 11. Rc1 Rc8 12. Nb5 a5 13. b3 Re8 14. Qc2 Bf8 15. Rfd1 Qe7 16. Na7 Ra8 17. Nac6 Qc7 18. Nd4 Qe7 19. Qb2 Rac8 20. Nb5 Red8 21. Na7 Rc7 22. Bg5 h6 23. Bf4 Ba8 24. Nb5 Rcc8 25. h4 Qe8 26. a4 Na6 27. Qb1 Bb7 28. Nd3 Rd7 29. Ne5 Rdd8 30. Bf3 Ba8 31. Kg2 Bc5 32. Nd3 Qe7 33. Be5 dxc4 34. Nxc5 Bxf3+ 35. exf3 Nxc5 36. Bd6 Qe8 37. Rxc4 Qd7 38. Nc3 Nd5 39. Nxd5 exd5 40. Rxd5 Nb7 41. Rcd4 Nxd6 42. Rxd6 Qxd6 43. Rxd6 Rxd6 44. Qf5 Rc5 45. Qe4 Kf8 46. Qa8+ Ke7 47. Qe4+ Kf8 48. Qh7 g5 49. h5 Rcd5 50. Qh8+ Ke7 51. Qa8 Rd4 52. Qc8 Re6 53. Qb8 Rd3 54. Qc7+ Kf8 55. Qc4 Red6 56. Qc8+ 1/2-1/2

[Event "GER CCM-E02-C email"]
[Site "GER email"]
[Date "2018.06.19"]
[Round "?"]
[White "Lumsdon, Andrew"]
[Black "Cremerius, Armin"]
[Result "1/2-1/2"]
[WhiteElo "2112"]
[BlackElo "2076"]
[PlyCount "62"]
[EventDate "2018.??.??"]
[EventType "tourn (corr)"]
[EventRounds "13"]
[EventCountry "GER"]
[SourceTitle "Corr 2020"]
[Source "ChessBase"]
[SourceDate "2019.09.30"]
[SourceVersion "1"]
[SourceVersionDate "2019.09.30"]
[SourceQuality "1"]

1. e4 c5 2. Nf3 d6 3. d4 cxd4 4. Nxd4 Nf6 5. Nc3 a6 6. Bg5 e6 7. Be2 Be7 8. 0-0 0-0 9. Qd3 b5 10. Bf3 Nfd7 11. Bxe7 Qxe7 12. Qe3 Bb7 13. Rad1 Rd8 14. a3 Ne5 15. Be2 Nbd7 16. f4 Ng6 17. g3 Rac8 18. Rf2 Nf6 19. Bf3 Rd7 20. Rfd2 Qd8 21. Rd3 h6 22. R1d2 Rc4 23. e5 dxe5 24. Nxe6 exf4 25. Rxd7 Nxd7 26. Nxf4 Bxf3 27. Nxg6 fxg6 28. Qe6+ Kh7 29. Rxd7 Qf8 30. Qf7 Qxf7 31. Rxf7 Bh5 1/2-1/2

[Event "GER CCM-E02-C email"]
[Site "GER email"]
[Date "2018.06.19"]
[Round "?"]
[White "Lumsdon, Andrew"]
[Black "Gorbunov, Evgeny Alekseevich"]
[Result "1-0"]
[WhiteElo "2112"]
[BlackElo "2042"]
[PlyCount "123"]
[EventDate "2018.??.??"]
[EventType "tourn (corr)"]
[EventRounds "13"]
[EventCountry "GER"]
[SourceTitle "Corr 2020"]
[Source "ChessBase"]
[SourceDate "2019.09.30"]
[SourceVersion "1"]
[SourceVersionDate "2019.09.30"]
[SourceQuality "1"]

1. e4 e5 2. Nf3 Nc6 3. Bc4 Bc5 4. c3 Nf6 5. d3 a6 6. a4 0-0 7. 0-0 d6 8. b4 Ba7 9. Nbd2 h6 10. Bb2 Qe7 11. Bb3 Nh7 12. Kh1 Re8 13. Qc2 Bd7 14. Nc4 Nd8 15. a5 Nf6 16. Rae1 Ne6 17. Nh4 Nf8 18. Ne3 Bxe3 19. fxe3 b5 20. axb6 cxb6 21. Ra1 Be6 22. Nf5 Bxf5 23. Rxf5 a5 24. b5 Ne6 25. Qe2 Nc5 26. Bc2 Ra7 27. c4 Nh7 28. Kg1 Nf6 29. Raf1 Qd8 30. Qf3 Rc7 31. h3 Nh7 32. Qg4 Ne6 33. h4 Ra7 34. Qg3 Nc5 35. d4 exd4 36. Rd5 Rd7 37. e5 dxe5 38. exd4 exd4 39. Bxd4 f6 40. Bxc5 Rxd5 41. cxd5 bxc5 42. b6 Qxd5 43. Rd1 Qe5 44. Bb3+ Kh8 45. Qxe5 fxe5 46. Rd7 Nf6 47. Rc7 Rb8 48. b7 Kh7 49. Bc2+ e4 50. h5 c4 51. Kf1 c3 52. Ke2 a4 53. Bxa4 Nd5 54. Rf7 Kg8 55. Rd7 Kf8 56. Rxd5 Rxb7 57. Bc2 Rb2 58. Kd1 Rb4 59. Re5 Kf7 60. Rxe4 Rxe4 61. Bxe4 Kf6 62. g4 1-0

[Event "GER CCM-E02-C email"]
[Site "GER email"]
[Date "2018.06.19"]
[Round "?"]
[White "Lumsdon, Andrew"]
[Black "Parente, Antonio"]
[Result "1/2-1/2"]
[WhiteElo "2112"]
[BlackElo "2069"]
[PlyCount "78"]
[EventDate "2018.??.??"]
[EventType "tourn (corr)"]
[EventRounds "13"]
[EventCountry "GER"]
[SourceTitle "Corr 2020"]
[Source "ChessBase"]
[SourceDate "2019.09.30"]
[SourceVersion "1"]
[SourceVersionDate "2019.09.30"]
[SourceQuality "1"]

1. e4 e6 2. d4 d5 3. Nc3 Nf6 4. Bg5 Be7 5. e5 Nfd7 6. Bxe7 Qxe7 7. Bd3 0-0 8. f4 c5 9. Nf3 h6 10. 0-0 Nc6 11. Qe1 cxd4 12. Ne2 Nc5 13. Nexd4 Nxd3 14. cxd3 Bd7 15. Rc1 Nb4 16. Qe3 Nxa2 17. Rc7 Qd8 18. Rxb7 Qc8 19. Rb3 Rb8 20. g4 Rb4 21. Qd2 Qb8 22. Rxb4 Nxb4 23. f5 Nc6 24. Nxc6 Bxc6 25. g5 h5 26. f6 d4 27. fxg7 Kxg7 28. Qe2 Qd8 29. Rf2 Qe7 30. h4 Qc5 31. Ne1 Qc1 32. Kf1 Qe3 33. Qxe3 dxe3 34. Rf4 a5 35. b4 Ra8 36. bxa5 Rxa5 37. Ke2 Ba8 38. Kxe3 Rxe5+ 39. Kd2 Ra5 1/2-1/2